|
|
|
|
| LEADER |
00000nam a2200000 a 4500 |
| 001 |
vtls001469823 |
| 003 |
SK-MaSNL |
| 005 |
20260301122004.0 |
| 008 |
160624s2004 xo 0 und |
| 035 |
|
|
|a SNK000425128
|
| 040 |
|
|
|a SNK
|b slo
|c SNK
|e AACR2
|
| 044 |
|
|
|a xo
|c SK
|
| 245 |
1 |
|
|a STN EN ISO 7092 Ploché kruhové podložky
|b malý rad : výrobná trieda A (ISO 7092: 2000)
|
| 260 |
|
|
|a Bratislava
|b Slovenský ústav technickej normalizácie
|c 2002
|
| 655 |
|
7 |
|a normy
|2 SNK
|9 70643
|
| 999 |
|
|
|c 731249
|d 733179
|
| 952 |
|
|
|t P60, <03>, [BOOK], {603}
|a SNK
|b SNK
|y PREZ
|7 0
|p 17A0415211
|o snkSTN EN ISO 7092
|i snkN 711/2004
|0 0
|1 0
|4 0
|d 2004-03-01
|l 0
|r 2005-01-02 00:00:00
|w 2026-02-23
|
| 952 |
|
|
|t P66, <07>, [BOOK], {667}
|a SNK
|b SNK
|y PREZ
|7 0
|p 17A0415212
|o snkSTN EN IS0 7092 D1
|i snkN 712/2004
|0 0
|1 0
|4 0
|d 2004-03-01
|l 0
|r 2005-01-02 00:00:00
|w 2026-02-23
|